सोती आग डूबता शंखनाद / (Record no. 116769)
[ view plain ]
| 000 -LEADER | |
|---|---|
| fixed length control field | 01280nam a22003017a 4500 |
| 003 - CONTROL NUMBER IDENTIFIER | |
| control field | dpl |
| 005 - DATE AND TIME OF LATEST TRANSACTION | |
| control field | 20181207165203.0 |
| 008 - FIXED-LENGTH DATA ELEMENTS--GENERAL INFORMATION | |
| fixed length control field | 181207b ||||| |||| 00| 0 eng d |
| 010 ## - LIBRARY OF CONGRESS CONTROL NUMBER | |
| LC control number | A-733856 |
| 020 ## - INTERNATIONAL STANDARD BOOK NUMBER | |
| Terms of availability | 150.00 |
| International Standard Book Number | 8173151342 |
| 035 ## - SYSTEM CONTROL NUMBER | |
| System control number | A-733856 |
| 035 ## - SYSTEM CONTROL NUMBER | |
| System control number | B-78328 |
| 037 ## - SOURCE OF ACQUISITION | |
| Source of stock number/acquisition | Cen Lib/Ret |
| 040 ## - CATALOGING SOURCE | |
| Original cataloging agency | DPL |
| Language of cataloging | HN |
| Transcribing agency | dpl |
| 082 ## - DEWEY DECIMAL CLASSIFICATION NUMBER | |
| Classification number | उ |
| Item number | वर्मावृ |
| 100 ## - MAIN ENTRY--PERSONAL NAME | |
| Personal name | वर्मा, वृन्दावनलाल |
| 9 (RLIN) | 130 |
| 245 ## - TITLE STATEMENT | |
| Title | सोती आग डूबता शंखनाद / |
| Statement of responsibility, etc | वृन्दावनलाल वर्मा |
| 246 ## - VARYING FORM OF TITLE | |
| Title proper/short title | Soti aag doobta shankhanad / |
| Remainder of title | by Vrindavanlal Verma |
| 260 ## - PUBLICATION, DISTRIBUTION, ETC. (IMPRINT) | |
| Place of publication, distribution, etc | नयी दिल्ली |
| Name of publisher, distributor, etc | प्रभात प्रकाशन |
| Date of publication, distribution, etc | 1995 |
| 270 ## - ADDRESS | |
| City | नयी दिल्ली |
| Address | 4/11 असफ अली रोड |
| Postal code | 110002 |
| 300 ## - PHYSICAL DESCRIPTION | |
| Extent | 146पृ. |
| Dimensions | 19सेमी (सजिल्द) |
| 490 ## - SERIES STATEMENT | |
| Series statement | वृन्दावनलाल वर्मा ग्रन्थमाला |
| 650 ## - SUBJECT ADDED ENTRY--TOPICAL TERM | |
| Topical term or geographic name as entry element | हिंदी साहित्य |
| 9 (RLIN) | 68229 |
| 650 ## - SUBJECT ADDED ENTRY--TOPICAL TERM | |
| Topical term or geographic name as entry element | हिंदी साहित्य |
| General subdivision | उपन्यास |
| 9 (RLIN) | 42619 |
| 650 ## - SUBJECT ADDED ENTRY--TOPICAL TERM | |
| Topical term or geographic name as entry element | Hindi literature |
| 9 (RLIN) | 68230 |
| 650 ## - SUBJECT ADDED ENTRY--TOPICAL TERM | |
| Topical term or geographic name as entry element | Hindi literature |
| General subdivision | fiction |
| 9 (RLIN) | 68231 |
| 942 ## - ADDED ENTRY ELEMENTS (KOHA) | |
| Source of classification or shelving scheme | Dewey Decimal Classification |
| Koha item type | Hindi Books |
| Classification part | उ |
| Call number suffix | वर्मावृ |
| Withdrawn status | Lost status | Damaged status | Not for loan | Home library | Current library | Date acquired | Source of acquisition | Cost, normal purchase price | Total Checkouts | Full call number | Barcode | Date last seen | Copy number | Cost, replacement price | Price effective from | Koha item type | Source of classification or shelving scheme | Collection code | Date checked out | Shelving location |
|---|---|---|---|---|---|---|---|---|---|---|---|---|---|---|---|---|---|---|---|---|
| Central Library | Central Library | 25/08/2015 | Cen Lib/Ref | 150.00 | उ वर्मावृ | A-733856 | 25/08/2015 | 1 | 150.00 | 25/08/2015 | Hindi Books | |||||||||
| Patel Nagar | Patel Nagar | 14/01/2019 | BPPD/PUB | 150.00 | उ वर्मावृ | A-733891 | 14/01/2019 | 150.00 | 14/01/2019 | Hindi Books | Dewey Decimal Classification | Fiction | General Stacks | |||||||
| Sarojini Nagar | Sarojini Nagar | 07/12/2018 | प्रभात प्रकाशन | 150.00 | 2 | उ वर्मावृ | B-78328 | 04/01/2023 | 150.00 | 07/12/2018 | Hindi Books | Dewey Decimal Classification | Fiction | 31/12/2022 |
